000
00276nam a22001337a 4500
020
_a
0-7214-0967-9
082
_a
823
_b
CAR/A
100
_a
COLLINS JOAN
245
_a
ALICE IN WODERLAND
260
_a
UK
_b
LADY BIRD
300
_a
51
650
_a
ENGLISH STORY
_z
UK
942
_c
BK
999
_c
1960
_d
1960